Culture Générale - Série 1759 - Statistiques

Statistiques générales
  • Ce quiz a été pris 127 fois
  • Le résultat moyen est 4 sur 10
Statistiques - réponses
Question Réponse % Correct
Quel pays a remporté la première coupe du monde de football en 1930 ? Uruguay
75%
Dans quel département se trouve la grotte de Lascaux ? Dordogne
66%
Dans quel département se trouve Boulogne-su-Mer ? Pas-de-Calais
65%
Dans quel département se trouve la forêt de Brocéliande (forêt de Paimpont) ? Ille-et-Vilaine
57%
Comment s'appelle celui qui ne manque pas de ressort dans la série TV ( 1963-1990) "Le manège enchanté" ? Zébulon
56%
Contre quelle équipe le Brésil a-t-il remporté la finale de la coupe du monde de football 1958 ? Suède
30%
Quel acteur incarnait "Thierry la fronde" dans les années 1960 ? Jean Claude Drouot
21%
La petite fille du "Manège enchanté" s'appelle : Margote
13%
Comment appelle-t-on les habitants de Rodez, préfecture de l'Aveyron ? Ruthénois
12%
Quel nom de fleur porte le propriétaire du "Manège enchanté" ? Pivoine
8%
Aucun quiz correspondant
Distribution des résultats
% des personnes avec chaque résultat
Percentile par nombre de réponses
Votre historique - résultats
Vous n’avez pas pris ce quiz